000 00386nam a2200157Ia 4500
005 20250423101036.0
008 250422s9999 xx 000 0 und d
020 _a9780139187650
245 0 _aStudy guide D.J. Goss general chemistry : an integrated approach
250 _a2nd ed.
260 _aNew Jersey
260 _bPetrucci
260 _c1999
300 _a320 p
942 _cBK
999 _c35110
_d35110